[Event "Univé Chess Tournament 2009 - Open"]
[Site "Hoogeveen NED"]
[Date "2009.10.20"]
[Round "5.8"]
[White "Genov, Petar"]
[Black "Van Delft, Merijn"]
[Result "1-0"]
[WhiteElo "2470"]
[BlackElo "2374"]
[PlyCount "97"]
[EventDate "2009.10.16"]
[EventType "swiss"]
[EventRounds "9"]
[EventCountry "NED"]
[Source "lmi"]
[SourceDate "2009.10.16"]

1. d4 Nf6 2. c4 g6 3. Nc3 Bg7 4. e4 d6 5. Bd3 O-O 6. Nge2 Nc6 7. O-O e5 8. d5
Nd4 9. Nxd4 exd4 10. Ne2 Re8 11. f3 c5 12. Bg5 Qc7 13. Qd2 Nd7 14. f4 b5 15. b3
bxc4 16. bxc4 Nf6 17. Bxf6 Bxf6 18. Ng3 Bg7 19. Rae1 Rb8 20. e5 dxe5 21. f5 Rb6
22. Re2 Rf6 23. Qg5 Qe7 24. Ref2 h6 25. Qg4 gxf5 26. Bxf5 e4 27. d6 Qxd6 28.
Nxe4 Rxe4 29. Qxe4 Bxf5 30. Rxf5 d3 31. Qe8+ Kh7 32. Rxf6 Bxf6 33. Qxf7+ Bg7
34. Qf5+ Kh8 35. Re1 Bf6 36. Rd1 Qd4+ 37. Qf2 Qc3 38. Qd2 Bd4+ 39. Kh1 Qxc4 40.
Qxh6+ Kg8 41. Qg6+ Kf8 42. Qxd3 Qxa2 43. Rf1+ Kg7 44. Qg3+ Kh6 45. Qh4+ Kg6 46.
Qg4+ Kh6 47. h4 Kh7 48. Qf5+ Kh6 49. Re1 1-0

[Event "Univé Chess Tournament 2009 - Open"]
[Site "Hoogeveen NED"]
[Date "2009.10.20"]
[Round "5.9"]
[White "Bijlsma, Nick"]
[Black "Riemersma, Li"]
[Result "0-1"]
[WhiteElo "2028"]
[BlackElo "2431"]
[PlyCount "90"]
[EventDate "2009.10.16"]
[EventType "swiss"]
[EventRounds "9"]
[EventCountry "NED"]
[Source "lmi"]
[SourceDate "2009.10.16"]

1. e4 c5 2. Nf3 d6 3. d4 cxd4 4. Nxd4 Nf6 5. Nc3 g6 6. Be3 Bg7 7. f3 Nc6 8. Qd2
O-O 9. Bc4 Bd7 10. O-O-O Rc8 11. Bb3 Ne5 12. Kb1 Re8 13. h4 h5 14. Bg5 Rc5 15.
g4 hxg4 16. Bxf6 Bxf6 17. h5 g5 18. f4 gxf4 19. Qxf4 e6 20. Qf2 Qe7 21. Nce2
Kh7 22. c3 Rg8 23. Bc2 b5 24. Rdg1 Bg5 25. Ng3 Qf6 26. Qe2 Bh6 27. Nb3 Rc7 28.
Qd1 Qe7 29. Qd4 Rc4 30. Qxa7 b4 31. Ne2 Kh8 32. Rg3 bxc3 33. Nxc3 Rgc8 34. Rd1
Bf4 35. Rg2 R4c7 36. Qd4 Qg5 37. Rh1 Be3 38. Qxd6 Nc4 39. Qb4 Nxb2 40. Kxb2
Rxc3 41. Qxc3+ Rxc3 42. Kxc3 Qf6+ 43. Kb4 Qf3 44. Rgh2 g3 45. Rh3 e5 0-1

[Event "Univé Chess Tournament 2009 - Open"]
[Site "Hoogeveen NED"]
[Date "2009.10.20"]
[Round "5.10"]
[White "De Jong, Migchiel"]
[Black "Grooten, Herman"]
[Result "1-0"]
[WhiteElo "2373"]
[BlackElo "2328"]
[PlyCount "95"]
[EventDate "2009.10.16"]
[EventType "swiss"]
[EventRounds "9"]
[EventCountry "NED"]
[Source "lmi"]
[SourceDate "2009.10.16"]

1. e4 c6 2. Ne2 d5 3. e5 e6 4. d4 c5 5. c3 Nc6 6. Be3 Qb6 7. Qd2 Bd7 8. Ng3 Rc8
9. Be2 cxd4 10. cxd4 Bb4 11. Nc3 Na5 12. O-O g6 13. Rab1 h5 14. a3 Nb3 15. Qd3
Bxc3 16. bxc3 h4 17. Nh1 a5 18. f3 a4 19. Nf2 Qa5 20. Bd2 b5 21. Be1 Qd8 22.
Bd1 Na5 23. Bd2 Nc4 24. Bc1 Qe7 25. Rb4 f5 26. exf6 Qxf6 27. Ng4 Qf5 28. Qe2
Kf8 29. Bc2 Qf7 30. Rxc4 dxc4 31. Ne5 Qg7 32. Nxg6+ Kf7 33. Nxh8+ Qxh8 34. Bf4
Ne7 35. Be4 Qh5 36. Re1 Bc6 37. Bc2 Bd5 38. Qf2 Rg8 39. Kf1 Ng6 40. Bd6 Qg5 41.
Be4 Ke8 42. f4 Qh5 43. f5 Bxe4 44. Rxe4 Kd7 45. fxg6 Qxg6 46. Be5 Qxe4 47. Qf7+
Kc6 48. Qc7+ 1-0

[Event "Univé Chess Tournament 2009 - Open"]
[Site "Hoogeveen NED"]
[Date "2009.10.20"]
[Round "5.11"]
[White "Kraai, Jesse"]
[Black "Hulshof, Peter"]
[Result "1-0"]
[WhiteElo "2526"]
[BlackElo "2216"]
[PlyCount "117"]
[EventDate "2009.10.16"]
[EventType "swiss"]
[EventRounds "9"]
[EventCountry "NED"]
[Source "lmi"]
[SourceDate "2009.10.16"]

1. e4 g6 2. d4 Bg7 3. Nf3 d6 4. Nc3 a6 5. Be2 b5 6. O-O Bb7 7. Re1 Nd7 8. Bf1
e5 9. Bg5 f6 10. Bh4 Ne7 11. a4 b4 12. Na2 a5 13. c3 c5 14. Qb3 Bc6 15. dxe5
dxe5 16. Qe6 Nf8 17. Qc4 Bxa4 18. Nc1 Bd7 19. Qxc5 Rc8 20. Qa7 bxc3 21. bxc3
Rxc3 22. Rd1 Qc7 23. Qa8+ Kf7 24. Nd3 Ne6 25. Qa6 Rc6 26. Qxa5 Qxa5 27. Rxa5 g5
28. Bg3 Bc8 29. Ra7 Rc3 30. Nb4 Rc7 31. Rda1 Bb7 32. Bc4 Rxc4 33. Rxb7 Nc7 34.
h4 g4 35. Nd2 Rc3 36. Raa7 Rc8 37. Na6 Bh6 38. Nxc7 R8xc7 39. Rxc7 Rxc7 40.
Rxc7 Bxd2 41. Kf1 Ke6 42. Ke2 Bb4 43. h5 h6 44. f3 gxf3+ 45. Kxf3 f5 46. Bh4
fxe4+ 47. Kxe4 Nf5 48. Bf2 Be7 49. g4 Nd6+ 50. Kf3 e4+ 51. Ke2 Nf7 52. Bg3 Bd8
53. Ra7 Bg5 54. Ra6+ Kd5 55. Ra5+ Kd4 56. Rf5 Nd8 57. Be5+ Kc4 58. Rxg5 hxg5
59. h6 1-0

[Event "Univé Chess Tournament 2009 - Open"]
[Site "Hoogeveen NED"]
[Date "2009.10.20"]
[Round "5.12"]
[White "Vinke, Andreas"]
[Black "Bezemer, Arno"]
[Result "0-1"]
[WhiteElo "2232"]
[BlackElo "2364"]
[PlyCount "50"]
[EventDate "2009.10.16"]
[EventType "swiss"]
[EventRounds "9"]
[EventCountry "NED"]
[Source "lmi"]
[SourceDate "2009.10.16"]

1. c4 Nf6 2. Nf3 g6 3. g3 Bg7 4. Nc3 O-O 5. Bg2 d6 6. O-O Nc6 7. Rb1 a5 8. a3
e5 9. d3 h6 10. b4 axb4 11. axb4 Be6 12. b5 Ne7 13. Bb2 Qd7 14. Re1 Bh3 15. Bh1
Ng4 16. Qb3 Kh8 17. Ra1 Rab8 18. Nd5 f5 19. Ra7 f4 20. Rc1 g5 21. Qa4 Nc8 22.
Ra8 Rxa8 23. Qxa8 c6 24. bxc6 bxc6 25. Nc3 Na7 0-1

[Event "Univé Chess Tournament 2009 - Open"]
[Site "Hoogeveen NED"]
[Date "2009.10.20"]
[Round "5.13"]
[White "Vedder, Henk"]
[Black "Admiraal, Miguoel"]
[Result "1-0"]
[WhiteElo "2364"]
[BlackElo "2194"]
[PlyCount "129"]
[EventDate "2009.10.16"]
[EventType "swiss"]
[EventRounds "9"]
[EventCountry "NED"]
[Source "lmi"]
[SourceDate "2009.10.16"]

1. e4 c5 2. Nf3 e6 3. c3 Nf6 4. Bd3 d5 5. e5 Nfd7 6. O-O Nc6 7. Re1 g5 8. h3 h5
9. g4 hxg4 10. hxg4 b6 11. Bb5 Bb7 12. d4 Be7 13. Be3 a6 14. Bxc6 Bxc6 15. Nbd2
Nf8 16. Nf1 Ng6 17. Ng3 Nf4 18. Qd2 Kd7 19. Nxg5 Ng6 20. Nf3 Qg8 21. Bh6 Nh4
22. Nh2 Qg6 23. Bf4 Rag8 24. f3 Nxf3+ 25. Nxf3 Qxg4 26. Nh2 Qh4 27. Qf2 Rh7 28.
Re3 Qh3 29. Kh1 Rg4 30. Ne2 Qh5 31. Rg1 Rh4 32. Bg3 Re4 33. Nf4 Qh6 34. Rf3 Bg5
35. Nd3 Ke8 36. Bf4 Bxf4 37. Nxf4 Bb5 38. Rg8+ Ke7 39. Rg2 Qh4 40. Qxh4+ Rxh4
41. Rg4 Rxg4 42. Nxg4 cxd4 43. cxd4 Rxd4 44. Rf2 a5 45. Kg2 Re4 46. Kf3 a4 47.
Rc2 Bc4 48. a3 Bb3 49. Rc7+ Kd8 50. Rxf7 Bd1+ 51. Kg3 Bxg4 52. Kxg4 Rxe5 53.
Rb7 Re4 54. Kf3 Re1 55. Rxb6 Kd7 56. Nd3 Rf1+ 57. Ke3 Rf6 58. Ra6 Rh6 59. Rxa4
Rh3+ 60. Kd2 Ke7 61. Ra6 Rh4 62. Nc5 Rh2+ 63. Kc3 Rh3+ 64. Kb4 Re3 65. Nxe6 1-0

[Event "Univé Chess Tournament 2009 - Open"]
[Site "Hoogeveen NED"]
[Date "2009.10.20"]
[Round "5.14"]
[White "Vedder, Richard"]
[Black "Jellema, Yme Jan"]
[Result "0-1"]
[WhiteElo "2349"]
[BlackElo "2177"]
[PlyCount "102"]
[EventDate "2009.10.16"]
[EventType "swiss"]
[EventRounds "9"]
[EventCountry "NED"]
[Source "lmi"]
[SourceDate "2009.10.16"]

1. e4 c6 2. d4 d5 3. f3 e6 4. Nc3 Bb4 5. a3 Bxc3+ 6. bxc3 dxe4 7. Qe2 exf3 8.
Nxf3 Nd7 9. Qe3 Ne7 10. Bd3 Ng6 11. O-O O-O 12. a4 e5 13. a5 Re8 14. Bc4 exd4
15. Qf2 Nf6 16. cxd4 Ne4 17. Qe3 Nd6 18. Qc3 Nxc4 19. Qxc4 Be6 20. Qd3 h6 21.
c4 Qd7 22. Ra2 b5 23. axb6 axb6 24. Rxa8 Rxa8 25. Re1 Ra4 26. Qb3 Rxc4 27. Qxb6
Bd5 28. Be3 Qg4 29. Qb8+ Nf8 30. Qg3 Qxg3 31. hxg3 Nd7 32. Rc1 Rxc1+ 33. Bxc1
Bxf3 34. gxf3 f5 35. Kf2 Kf7 36. g4 Ke6 37. Kg3 Nf6 38. g5 hxg5 39. Bxg5 Nd5
40. Bd2 Kf6 41. Kh4 f4 42. Kg4 g5 43. Ba5 Ne3+ 44. Kh5 Kf5 45. Bd8 g4 46. fxg4+
Nxg4 47. Kh4 Ne3 48. Kh3 Ke4 49. Bf6 Kf3 50. Bg5 Nd5 51. Bh6 Ke2 0-1

[Event "Univé Chess Tournament 2009 - Open"]
[Site "Hoogeveen NED"]
[Date "2009.10.20"]
[Round "5.17"]
[White "Van Kooten, Luuk"]
[Black "Mostertman, Milan"]
[Result "1-0"]
[WhiteElo "2292"]
[BlackElo "2138"]
[PlyCount "43"]
[EventDate "2009.10.16"]
[EventType "swiss"]
[EventRounds "9"]
[EventCountry "NED"]
[Source "lmi"]
[SourceDate "2009.10.16"]

1. d4 Nf6 2. c4 e5 3. dxe5 Ng4 4. e3 Nxe5 5. Nh3 Bb4+ 6. Bd2 Bxd2+ 7. Qxd2 d5
8. Qxd5 Qf6 9. Nf4 Nbc6 10. Qd2 O-O 11. Nc3 Bf5 12. Be2 Rad8 13. Ncd5 Qg5 14.
O-O Rd6 15. f3 Rfd8 16. Rad1 Qh4 17. Qe1 Qh6 18. e4 Bc8 19. c5 R6d7 20. Qc3 a5
21. a3 b6 22. b4 1-0

[Event "Univé Chess Tournament 2009 - Open"]
[Site "Hoogeveen NED"]
[Date "2009.10.20"]
[Round "5.18"]
[White "Kasparova, Tatiana"]
[Black "Clemens, Adrian"]
[Result "1/2-1/2"]
[WhiteElo "2175"]
[BlackElo "2264"]
[PlyCount "56"]
[EventDate "2009.10.16"]
[EventType "swiss"]
[EventRounds "9"]
[EventCountry "NED"]
[Source "lmi"]
[SourceDate "2009.10.16"]

1. e4 c5 2. Nf3 e6 3. d4 cxd4 4. Nxd4 a6 5. Bd3 Bc5 6. Nb3 Be7 7. c4 d6 8. O-O
Nf6 9. Nc3 O-O 10. Be3 Nbd7 11. f4 b6 12. Qf3 Bb7 13. Rfe1 Re8 14. Qh3 Bf8 15.
Bb1 g6 16. e5 Nh5 17. exd6 Bxd6 18. Ne4 Be7 19. Ng5 Nf8 20. Bd4 Bf6 21. Qe3
Bxd4 22. Nxd4 Qe7 23. b3 Rad8 24. Be4 Nf6 25. Bxb7 Qxb7 26. Ndf3 h6 27. Ne4
Nxe4 28. Qxe4 Qxe4 1/2-1/2

[Event "Univé Chess Tournament 2009 - Open"]
[Site "Hoogeveen NED"]
[Date "2009.10.20"]
[Round "5.19"]
[White "Genova, Lyubka"]
[Black "Van der Veen, Jan"]
[Result "1/2-1/2"]
[WhiteElo "2250"]
[BlackElo "2144"]
[PlyCount "36"]
[EventDate "2009.10.16"]
[EventType "swiss"]
[EventRounds "9"]
[EventCountry "NED"]
[Source "lmi"]
[SourceDate "2009.10.16"]

1. e4 e5 2. Nf3 Nc6 3. Nc3 Nf6 4. Bb5 Nd4 5. Nxd4 exd4 6. e5 dxc3 7. exf6 Qxf6
8. dxc3 Qe5+ 9. Be2 Bc5 10. O-O O-O 11. Bd3 d5 12. Qf3 Bd6 13. g3 c6 14. Bd2
Qe6 15. Qh5 h6 16. Kg2 Qg4 17. Qxg4 Bxg4 18. h3 Bd7 1/2-1/2

[Event "Univé Chess Tournament 2009 - Open"]
[Site "Hoogeveen NED"]
[Date "2009.10.20"]
[Round "5.20"]
[White "Cako, Laszlo"]
[Black "Klein, David"]
[Result "0-1"]
[WhiteElo "2159"]
[BlackElo "2248"]
[PlyCount "64"]
[EventDate "2009.10.16"]
[EventType "swiss"]
[EventRounds "9"]
[EventCountry "NED"]
[Source "lmi"]
[SourceDate "2009.10.16"]

1. e4 c5 2. Nf3 d6 3. d4 cxd4 4. Nxd4 Nf6 5. Nc3 a6 6. Bc4 e6 7. Bb3 Nbd7 8.
O-O Nc5 9. Re1 Be7 10. Qf3 O-O 11. Qg3 Kh8 12. Bg5 Qc7 13. a3 h6 14. Bd2 Nxb3
15. cxb3 b5 16. Rac1 Qb7 17. b4 e5 18. Nc2 Be6 19. f3 Rad8 20. Be3 d5 21. exd5
Nxd5 22. Nxd5 Rxd5 23. Bf2 Bg5 24. Be3 Bf6 25. Red1 Rfd8 26. Qe1 Bf5 27. Rxd5
Rxd5 28. Bc5 Bxc2 29. Rxc2 Qd7 30. Qe2 Rd1+ 31. Kf2 Rh1 32. Rd2 Bh4+ 0-1

[Event "Univé Chess Tournament 2009 - Open"]
[Site "Hoogeveen NED"]
[Date "2009.10.20"]
[Round "5.21"]
[White "Hummel, Joop"]
[Black "Heemskerk, Wim"]
[Result "1/2-1/2"]
[WhiteElo "2025"]
[BlackElo "2236"]
[PlyCount "49"]
[EventDate "2009.10.16"]
[EventType "swiss"]
[EventRounds "9"]
[EventCountry "NED"]
[Source "lmi"]
[SourceDate "2009.10.16"]

1. d4 e6 2. Nf3 f5 3. Nc3 Nf6 4. d5 Be7 5. dxe6 dxe6 6. Bf4 Nh5 7. Bd2 Nf6 8.
e3 Nc6 9. Bb5 Bd7 10. Qe2 a6 11. Bxc6 Bxc6 12. Nd4 Qd7 13. Qc4 Bd5 14. Nxd5
exd5 15. Qd3 Ne4 16. Rd1 O-O 17. O-O Rad8 18. c4 Bf6 19. Bc1 Kh8 20. cxd5 Qxd5
21. Qc2 c6 22. f3 Nd6 23. b3 Rfe8 24. Ba3 Nb5 25. Nxb5 1/2-1/2

[Event "Univé Chess Tournament 2009 - Open"]
[Site "Hoogeveen NED"]
[Date "2009.10.20"]
[Round "5.23"]
[White "Akotchik, Viktor"]
[Black "Tondivar, Babak"]
[Result "0-1"]
[WhiteElo "2102"]
[BlackElo "2367"]
[PlyCount "74"]
[EventDate "2009.10.16"]
[EventType "swiss"]
[EventRounds "9"]
[EventCountry "NED"]
[Source "lmi"]
[SourceDate "2009.10.16"]

1. e4 e5 2. Nf3 Nc6 3. Bb5 Nf6 4. O-O Nxe4 5. d4 Nd6 6. Bxc6 dxc6 7. dxe5 Nf5
8. Qxd8+ Kxd8 9. Rd1+ Ke8 10. Bg5 Be6 11. Nc3 h6 12. Bc1 Rd8 13. b3 Rxd1+ 14.
Nxd1 c5 15. Bb2 Kd7 16. h3 Kc6 17. c4 a5 18. Nc3 Ne7 19. Rd1 Ng6 20. Nd5 Be7
21. a4 Bd8 22. Kh2 h5 23. g3 Re8 24. Kg2 b6 25. Ng1 Kb7 26. h4 Bf5 27. Ne3 Be4+
28. f3 Bc6 29. Kf2 Nf8 30. Nd5 Ne6 31. f4 g6 32. Nf3 Kc8 33. Nd2 Ng7 34. Ne4
Bd7 35. Ndf6 Bxf6 36. exf6 Nf5 37. Be5 Nh6 0-1

[Event "Univé Chess Tournament 2009 - Open"]
[Site "Hoogeveen NED"]
[Date "2009.10.20"]
[Round "5.24"]
[White "Haast, Anne"]
[Black "Mellema, Andries"]
[Result "1/2-1/2"]
[WhiteElo "2215"]
[BlackElo "2125"]
[PlyCount "71"]
[EventDate "2009.10.16"]
[EventType "swiss"]
[EventRounds "9"]
[EventCountry "NED"]
[Source "lmi"]
[SourceDate "2009.10.16"]

1. e4 e6 2. d4 d5 3. Nc3 Bb4 4. e5 c5 5. a3 Bxc3+ 6. bxc3 Ne7 7. Qg4 O-O 8. Bd3
Nbc6 9. Qh5 Ng6 10. Nf3 Qc7 11. Be3 c4 12. Bxg6 fxg6 13. Qg4 Bd7 14. h4 Rf5 15.
h5 gxh5 16. Rxh5 Rxh5 17. Qxh5 Be8 18. Qh3 Nd8 19. Kd2 Bg6 20. Nh4 Qf7 21. g4
Nc6 22. f4 Ne7 23. Rf1 Rf8 24. a4 b6 25. Kd1 Be4 26. Bc1 Qe8 27. Rf2 Ng6 28.
Nxg6 Qxg6 29. Ba3 Rf7 30. Qh4 h6 31. Kc1 Rd7 32. Kb2 Kh7 33. Qh3 Rf7 34. Bd6
Kg8 35. Qh4 Kh7 36. Ba3 1/2-1/2

[Event "Univé Chess Tournament 2009 - Open"]
[Site "Hoogeveen NED"]
[Date "2009.10.20"]
[Round "5.25"]
[White "Hovenga, Alje"]
[Black "Stavast, Dick"]
[Result "1/2-1/2"]
[WhiteElo "2206"]
[BlackElo "1998"]
[PlyCount "75"]
[EventDate "2009.10.16"]
[EventType "swiss"]
[EventRounds "9"]
[EventCountry "NED"]
[Source "lmi"]
[SourceDate "2009.10.16"]

1. d4 d6 2. Nf3 f5 3. g3 Nf6 4. Bg2 g6 5. b4 Bg7 6. Bb2 O-O 7. O-O Qe8 8. c4 c6
9. Nbd2 h6 10. Qb3 Be6 11. d5 Nxd5 12. Bxg7 Kxg7 13. cxd5 Bxd5 14. Qc2 e5 15.
e4 fxe4 16. Nxe4 Bxe4 17. Qxe4 Nd7 18. Rae1 Rf6 19. Bh3 Nb6 20. Nh4 Qf7 21. f4
exf4 22. Rxf4 Rxf4 23. gxf4 Nd5 24. f5 g5 25. Ng6 Nf6 26. Qd4 Re8 27. Rxe8 Qxe8
28. Bf1 Qe4 29. Qxe4 Nxe4 30. Bd3 d5 31. b5 cxb5 32. Ne7 Nc3 33. a3 a5 34. Bc2
Kf6 35. Ng8+ Kg7 36. Ne7 Kf6 37. Ng8+ Kg7 38. Ne7 1/2-1/2

[Event "Univé Chess Tournament 2009 - Open"]
[Site "Hoogeveen NED"]
[Date "2009.10.20"]
[Round "5.26"]
[White "Ypma, Peter"]
[Black "Lagrotteria, Salvatore"]
[Result "0-1"]
[WhiteElo "2052"]
[BlackElo "2221"]
[PlyCount "78"]
[EventDate "2009.10.16"]
[EventType "swiss"]
[EventRounds "9"]
[EventCountry "NED"]
[Source "lmi"]
[SourceDate "2009.10.16"]

1. e4 e6 2. d4 d5 3. e5 c5 4. c3 Qb6 5. Nf3 Bd7 6. g3 a5 7. Bh3 Bb5 8. Na3 Ba6
9. Nc2 h6 10. Rb1 Nc6 11. Be3 Bb5 12. b3 Qc7 13. Nd2 Bd3 14. Rc1 Nge7 15. g4
cxd4 16. cxd4 Qb6 17. Nf1 Nb4 18. Nxb4 Qxb4+ 19. Qd2 Nc6 20. Qxb4 Nxb4 21. Rc7
Ba6 22. a4 Nc6 23. Ng3 Be7 24. Nh5 Rg8 25. Rxe7+ Kxe7 26. Kd2 Rac8 27. Rc1 Kd7
28. f4 Ke7 29. f5 g5 30. fxg6 fxg6 31. Nf6 Rh8 32. Bg2 Nb4 33. Bxh6 Rxc1 34.
Kxc1 Rc8+ 35. Kd1 Rc2 36. Bd2 Rb2 37. Kc1 Rxb3 38. h4 Rg3 39. h5 gxh5 0-1

[Event "Univé Chess Tournament 2009 - Open"]
[Site "Hoogeveen NED"]
[Date "2009.10.20"]
[Round "5.27"]
[White "Sadallah, Osama"]
[Black "Mol, Christiaan"]
[Result "1-0"]
[WhiteElo "2156"]
[BlackElo "2079"]
[PlyCount "77"]
[EventDate "2009.10.16"]
[EventType "swiss"]
[EventRounds "9"]
[EventCountry "NED"]
[Source "lmi"]
[SourceDate "2009.10.16"]

1. d4 Nf6 2. c4 g6 3. Nf3 Bg7 4. g3 O-O 5. Bg2 c6 6. O-O d6 7. Nc3 Nbd7 8. h3
e5 9. dxe5 dxe5 10. Bg5 Qc7 11. Rc1 Nc5 12. Nd2 h6 13. Be3 Ne6 14. b4 Nd4 15.
b5 Nd7 16. bxc6 bxc6 17. Nb5 cxb5 18. Bxa8 Nb6 19. Bxd4 Nxa8 20. Ba1 Bxh3 21.
Re1 b4 22. Kh2 Bc8 23. Nf3 Rd8 24. Qa4 Qc5 25. Kg1 e4 26. Bxg7 Kxg7 27. Nh2 e3
28. f3 Bb7 29. Qb5 Qe7 30. Red1 a6 31. Qa4 Rd2 32. Re1 f5 33. c5 f4 34. c6 fxg3
35. Nf1 Bc8 36. Qb3 g2 37. Nxe3 Rd4 38. Nxg2 Bh3 39. Qe3 1-0

[Event "Univé Chess Tournament 2009 - Open"]
[Site "Hoogeveen NED"]
[Date "2009.10.20"]
[Round "5.28"]
[White "Galje, Hans"]
[Black "Beukema, Stefan"]
[Result "1/2-1/2"]
[WhiteElo "2139"]
[BlackElo "2032"]
[PlyCount "101"]
[EventDate "2009.10.16"]
[EventType "swiss"]
[EventRounds "9"]
[EventCountry "NED"]
[Source "lmi"]
[SourceDate "2009.10.16"]

1. d4 f5 2. g3 Nf6 3. Bg2 g6 4. Nh3 Bg7 5. Nf4 Nc6 6. d5 Ne5 7. Nc3 c6 8. e4
fxe4 9. Nxe4 Nxe4 10. Bxe4 O-O 11. O-O Qb6 12. Qe2 d6 13. Ne6 Bxe6 14. dxe6 d5
15. Bg2 Rad8 16. Bg5 Rf5 17. Bxe7 Re8 18. Ba3 Rxe6 19. Kh1 Ref6 20. f4 Nc4 21.
Qe8+ Bf8 22. Bh3 Ne3 23. Bxf5 Rxf5 24. Rfe1 Nxc2 25. Re5 c5 26. Re6 Qc7 27. Rd1
Kg7 28. Qa4 Nxa3 29. Qxa3 Qd7 30. Qe3 d4 31. Qe4 Kf7 32. Re5 Bg7 33. Rxf5+ gxf5
34. Qf3 c4 35. Qh5+ Kg8 36. Rc1 Bf6 37. g4 d3 38. h3 d2 39. Rd1 Bxb2 40. Rxd2
Qxd2 41. Qe8+ Kg7 42. Qe7+ Kg8 43. Qe8+ Kg7 44. Qe7+ Kg6 45. Qe8+ Kf6 46. g5+
Kg7 47. Qe7+ Kg8 48. Qe8+ Kg7 49. Qe7+ Kg6 50. Qe8+ Kg7 51. Qe7+ 1/2-1/2

[Event "Univé Chess Tournament 2009 - Open"]
[Site "Hoogeveen NED"]
[Date "2009.10.20"]
[Round "5.29"]
[White "Fehr, Axel"]
[Black "Warmelink, Evie"]
[Result "1-0"]
[WhiteElo "2128"]
[BlackElo "1941"]
[PlyCount "73"]
[EventDate "2009.10.16"]
[EventType "swiss"]
[EventRounds "9"]
[EventCountry "NED"]
[Source "lmi"]
[SourceDate "2009.10.16"]

1. c4 e5 2. g3 g6 3. Bg2 Bg7 4. Nc3 Nc6 5. Rb1 d6 6. b4 f5 7. b5 Nce7 8. Qb3
Nf6 9. d3 O-O 10. e3 c6 11. bxc6 bxc6 12. Nge2 Be6 13. Ba3 Rc8 14. Qb4 c5 15.
Qa4 d5 16. O-O e4 17. cxd5 Nfxd5 18. Nxd5 Bxd5 19. dxe4 Bxa2 20. Rb7 Rc7 21.
exf5 Nxf5 22. Bxc5 Rxc5 23. Qxa2+ Kh8 24. Qxa7 Ra5 25. Qb6 Qd2 26. Nf4 Ra2 27.
Rb8 Rb2 28. Rxf8+ Bxf8 29. Qe6 Kg7 30. Qe5+ Kh6 31. Ne6 Bd6 32. Qf6 Be7 33. Qe5
Bd6 34. Qe4 Rb4 35. Qf3 Qa2 36. Qd5 Qa6 37. e4 1-0

[Event "Univé Chess Tournament 2009 - Open"]
[Site "Hoogeveen NED"]
[Date "2009.10.20"]
[Round "5.31"]
[White "Ellenbroek, Ton"]
[Black "Potze, Rudolf"]
[Result "0-1"]
[WhiteElo "2078"]
[BlackElo "2156"]
[PlyCount "92"]
[EventDate "2009.10.16"]
[EventType "swiss"]
[EventRounds "9"]
[EventCountry "NED"]
[Source "lmi"]
[SourceDate "2009.10.16"]

1. d4 Nf6 2. c4 g6 3. Nc3 d5 4. Bf4 Bg7 5. e3 O-O 6. Nf3 c6 7. Qb3 b6 8. Rc1 e6
9. Be2 Bb7 10. O-O Nh5 11. Be5 Bxe5 12. Nxe5 Ng7 13. cxd5 exd5 14. Na4 f6 15.
Nd3 Qe7 16. Bf3 Ne6 17. e4 Nxd4 18. Qc3 Nxf3+ 19. gxf3 dxe4 20. Rfe1 c5 21.
fxe4 Nc6 22. Nf4 Nd4 23. b4 Rad8 24. bxc5 Qe5 25. Qg3 Bc6 26. Nc3 bxc5 27. Re3
Rb8 28. Ncd5 g5 29. Nd3 Qxg3+ 30. hxg3 Bxd5 31. exd5 Nf5 32. Re6 Kf7 33. Ra6
Rfd8 34. Rxa7+ Kg6 35. Rxc5 Rb1+ 36. Kg2 Rd1 37. Nb4 g4 38. Nc6 Re8 39. Rc4 h5
40. Rc2 Ree1 41. f4 Ne3+ 42. Kf2 Nxc2 43. Ne7+ Kf7 44. Nf5+ Kf8 45. Ra8+ Re8
46. Ra6 Rd2+ 0-1

[Event "Univé Chess Tournament 2009 - Open"]
[Site "Hoogeveen NED"]
[Date "2009.10.21"]
[Round "6.3"]
[White "Ulibin, Mikhail"]
[Black "Kasparov, Sergey"]
[Result "1/2-1/2"]
[WhiteElo "2533"]
[BlackElo "2488"]
[PlyCount "27"]
[EventDate "2009.10.16"]
[EventType "swiss"]
[EventRounds "9"]
[EventCountry "NED"]
[Source "lmi"]
[SourceDate "2009.10.16"]

1. d4 d5 2. c4 c6 3. Nf3 Nf6 4. Nc3 a6 5. Ne5 Nbd7 6. Bf4 dxc4 7. Nxc4 b5 8.
Ne5 Bb7 9. e3 e6 10. Qf3 Ra7 11. Bd3 c5 12. Qh3 Nxe5 13. Bxe5 Nd7 14. Rd1
1/2-1/2

[Event "Univé Chess Tournament 2009 - Open"]
[Site "Hoogeveen NED"]
[Date "2009.10.21"]
[Round "6.5"]
[White "Gruenfeld, Yehuda"]
[Black "Ootes, Lars"]
[Result "1-0"]
[WhiteElo "2474"]
[BlackElo "2384"]
[PlyCount "71"]
[EventDate "2009.10.16"]
[EventType "swiss"]
[EventRounds "9"]
[EventCountry "NED"]
[Source "lmi"]
[SourceDate "2009.10.16"]

1. e4 d6 2. d4 Nf6 3. Nc3 g6 4. Be3 Bg7 5. Qd2 O-O 6. Nf3 e5 7. O-O-O Qe7 8.
Bg5 c6 9. h4 Bg4 10. h5 Re8 11. hxg6 hxg6 12. Rh4 Bxf3 13. gxf3 Nbd7 14. d5 c5
15. Bh3 Nf8 16. Rh1 a6 17. Bf1 b5 18. Ne2 Qc7 19. Ng3 N6h7 20. Bh6 Bf6 21. Rg4
Qd8 22. Nf5 g5 23. Bxf8 Nxf8 24. Nh6+ Kg7 25. Nf5+ Kg8 26. Kb1 Ng6 27. Be2 Nf4
28. Qe1 Bg7 29. Qg1 f6 30. Rgh4 Nxe2 31. Rh7 Qd7 32. Qh2 Qxf5 33. exf5 Kf8 34.
Rxg7 Kxg7 35. Qh7+ Kf8 36. Qh8+ 1-0

[Event "Univé Chess Tournament 2009 - Open"]
[Site "Hoogeveen NED"]
[Date "2009.10.21"]
[Round "6.6"]
[White "Van Oosterom, Chiel"]
[Black "Genov, Petar"]
[Result "1/2-1/2"]
[WhiteElo "2386"]
[BlackElo "2470"]
[PlyCount "38"]
[EventDate "2009.10.16"]
[EventType "swiss"]
[EventRounds "9"]
[EventCountry "NED"]
[Source "lmi"]
[SourceDate "2009.10.16"]

1. d4 Nf6 2. c4 e6 3. g3 d5 4. Nf3 Bb4+ 5. Bd2 Be7 6. Bg2 c6 7. Qc2 Nbd7 8. O-O
b6 9. b3 Bb7 10. Nc3 O-O 11. Rad1 Rc8 12. Bf4 Nh5 13. Bc1 f5 14. Ne5 Bd6 15.
Bf3 Nhf6 16. Bf4 Qe7 17. Nxd7 Qxd7 18. Bxd6 Qxd6 19. Na4 Qe7 1/2-1/2